Toutes les métropoles par lettre - A #1 - Statistiques

Statistiques générales
  • Ce quiz a été pris 81 fois
  • Le résultat moyen est 13 sur 20
Réponses sur la Carte
Les réponses sont colorées sur une échelle allant du rouge au vert en fonction du pourcentage des utilisateurs qui les ont devinées à leur premier essai. Vous pouvez retrouver ces pourcentages ci-dessous.
 
Statistiques - réponses
Pays Population Ville % Correct
Algérie 2 856 000 Alger
100%
Turquie 5 314 000 Ankara
97%
Grèce 3 154 000 Athènes
95%
Madagascar 3 707 000 Antananarivo
84%
Egypte 5 488 000 Alexandrie
81%
Paraguay 3 455 000 Asuncion
81%
Etats-Unis 2 017 000 Atlanta
79%
Côte d'Ivoire 5 523 000 Abidjan
78%
Nouvelle-Zélande 1 653 000 Auckland
75%
Ghana 2 607 000 Accra
74%
Ethiopie 5 238 000 Addis Abeba
73%
Jordanie 2 211 000 Amman
70%
Etats-Unis 2 179 000 Austin
67%
Nigeria 3 660 000 Abuja
66%
Syrie 2 102 000 Alep
56%
Kazakhstan 1 959 000 Almaty
42%
Inde 8 458 000 Ahmedabad
36%
Inde 2 316 000 Agra
23%
Turquie 1 815 000 Adana
14%
Chine 1 668 000 Anshan
1%
Aucun quiz correspondant
Distribution des résultats
% des personnes avec chaque résultat
Percentile par nombre de réponses
Votre historique - résultats
Vous n’avez pas pris ce quiz